000 00511nam a2200169Ia 4500
003 IN-BaIIA
008 211028s9999 xx s 000 0 eng d
020 _a9781628413342 (Print)
020 _a9781628413359 (Online)
040 _cIIA Library
100 _aSpillman, William B.
_940905
245 0 _aField Guide to Fiber Optic Sensors
_h[eBook]
260 _aWashington, USA
_bSPIE
_c2014
300 _aOnline resource
856 _uhttps://doi.org/10.1117/3.1002803
_yClick Here to Access eBook
942 _cEB
999 _c22203
_d22203